Statistics for I love Kanye lyrics

Click here to take the quiz!

General Stats

  • This quiz has been taken 159 times
  • The average score is 106 of 136

Answer Stats

HintAnswer% Correct
| [Verse]I
100%
Kanye
98%
the
98%
The
98%
a
96%
miss
93%
old
93%
love
88%
new
88%
rude
87%
always
86%
so
85%
Go
83%
hate
80%
bad
79%
straight
79%
from
78%
like
78%
mood
78%
that
78%
to
76%
sweet
75%
be
74%
was
73%
in
72%
news
72%
and
71%
And
71%
at
71%
loves
71%
Man
70%
soul
67%
you
67%
Chop
66%
chop
66%
spaz
66%
thought
64%
time
64%
meet
63%
pink
63%
polo
63%
up
63%
many
61%
I'd
60%
goals
59%
Kanyes
59%
on
59%
song
59%
say
58%
about
57%
around
57%
even
57%
had
57%
his
57%
look
57%
used
57%
beats
55%
made
55%
gotta
54%
it
54%
there's
54%
now
53%
set
53%
if
52%
invented
51%
See
51%
What
51%
any
48%
Called
48%
wasn't
48%
that'd
45%
we
45%
still
41%
all
38%
That's
34%

Score Distribution

Percentile by Number Answered

Percent of People with Each Score

Your Score History

You have not taken this quiz